Responses for Show #1945 - Friday, February 5, 1993

Last show with Merv Griffin Enterprises "blinking griffin" logo.

Contestants

[<< previous game]

Renny Christopher, a college teacher from Santa Cruz, California

Phil Klinkner, a political science professor originally from Clinton, Iowa

Michael Schill, an artist from Menlo Park, California (whose 1-day cash winnings total $16,800)

[next game >>]

Jeopardy! Round responses

THE SOUTH
MOVIE TRIVIA
THE ENVIRONMENT
1992
CHOCOLATE
"G" WHIZ
    $100 1
Mississippi

Michael
    $100 5
Wuthering Heights

Michael
    $100 11
the greenhouse effect

Michael
    $100 13
Mt. McKinley

Michael
    $100 18
Milk Duds

Renny
    $100 24
goosebumps

Renny
    $200 2
a dance

Phil
    $200 6
Bugsy

Renny
    $200 12
carbon dioxide

Phil
    $200 15
Yitzhak Rabin

Phil
    $200 19
cocoa butter

Michael
    $200 25
ghost towns

Michael
    $300 3
Stephen Foster

Renny
    $300 7
flubber

Renny
    $300 14
catalytic converters

Phil
    $300 16
Václav Havel

Michael
    $300 21
the gods

Michael
    $300 26
a glee club

Renny
    $400 4
Williamsburg

Renny
    $400 8
Network

Phil
    $400 17
vinegar

Renny
    $400 29
New Jersey

Renny
    $400 22
mole

Michael
    $400 27
a glutton

Renny
    $500 9
(Phil: What is Memphis?)

Nashville

MichaelPhil
    $500 10
Greer Garson

Renny
    $1,000 20
a landfill

Michael
    $500 30
California

Michael
    $500 23
(Lady) Godiva

Michael
    $500 28
gerbils

Michael

Scores at the first commercial break (after clue 16):

Michael Phil Renny
$1,200 $800 $1,700

Scores at the end of the Jeopardy! Round:

Michael Phil Renny
$4,800 $800 $3,400

Double Jeopardy! Round responses

THE 19th CENTURY
CHEMISTRY
FAMOUS WOMEN
COUNTRIES OF THE WORLD
POETRY
THE INSTRUMENT PLAYED
    $200 1
(Phil: What is Winchester Abbey?)

Westminster Abbey

PhilRenny
    $200 26
starch

Triple Stumper
    $200 2
(Alex reads second half of clue imitating [*]'s voice.)

Julia Child

Michael
    $200 16
China

Phil
    $200 7
(Edgar Allan) Poe

Renny
    $200 21
a guitar

Michael
    $400 12
(Phil: Who is Goodyear?)

Goodrich

PhilRenny
    $400 27
cadmium

Michael
    $400 3
Carol Burnett

Renny
    $400 17
Ireland

Phil
    $400 8
(Alex: We'll accept that for "Song of [*]")

Hiawatha

Michael
    $400 22
the drums

Renny
    $600 13
Grant

Phil
    $600 28
an electron

Renny
    $600 4
Cathy

Renny
    $600 18
Turkey

Phil
    $600 9
J. Alfred Prufrock

Renny
    $600 23
(Renny: What is the piano?)
(Michael: What is the synthesizer?)
(Phil: What is the organ?)
(Alex: What is [*] That's the one instrument in common to all three.)

the harmonica

MichaelPhilRenny
Triple Stumper
    $1,000 14
(Eugene) Debs

Phil
    $800 29
(Alex: [*] or sodium chloride, yes.)

salt

Michael
    $800 5
Lady (Nancy) Astor

Triple Stumper
    $800 19
Australia

Phil
    $800 10
"The Idylls of the King"

Renny
    $800 24
the trombone

Triple Stumper
    $1000 15
Alfred Dreyfus

Renny
    $4,000 30
silicon

Michael
    $1000 6
(Michael: Who is Dian Fossey?)

Joy Adamson

Michael
Triple Stumper
    $1000 20
(Michael: What is Panama?)

Nicaragua

MichaelRenny
    $1000 11
Robert Browning

Michael
    $1000 25
the saxophone

Renny

Scores at the end of the Double Jeopardy! Round:

Michael Phil Renny
$9,200 $3,200 $10,000

[wagering suggestions for these scores]

Final Jeopardy! Round responses

OPERA
(Alex: A Gian Carlo Menotti opera called [*], every Christmas... a popular opera.)
PhilWhat is ?
$0
MichaelWhat is ?
$9,000
RennyWhat is Godspell
$8,401
Amahl and the Night Visitors

Final scores:

Michael Phil Renny
$200 $3,200 $1,599
3rd place: Enesco Small World of Music reproduction New champion: $3,200 2nd place: Satellite TV system & Sanyo TV

Game dynamics:

Coryat scores:

Michael Phil Renny
$5,700 $3,000 $10,000
21 R
(including 2 DDs),
3 W
11 R
(including 1 DD),
4 W
23 R,
1 W

Combined Coryat: $18,700

[game clues] [game scores] [suggest correction]

Game tape date: 1992-10-27
The J! Archive is created by fans, for fans. Scraping, republication, monetization, and malicious use prohibited; this site may use cookies and collect identifying information. See terms. The Jeopardy! game show and all elements thereof, including but not limited to copyright and trademark thereto, are the property of Jeopardy Productions, Inc. and are protected under law. This website is not affiliated with, sponsored by, or operated by Jeopardy Productions, Inc. Join the discussion at JBoard.tv.